تحميل...
The Wealth of India Raw Materials Vol : 1II
| التنسيق: | Printed Book |
|---|---|
| منشور في: |
Council of Scientific & Industrial Research, New Delhi
1952
|
| LEADER | 00340nam a2200109 4500 | ||
|---|---|---|---|
| 082 | |||
| 100 | |||
| 245 | |a The Wealth of India Raw Materials Vol : 1II | ||
| 260 | |a Council of Scientific & Industrial Research, New Delhi |c 1952 | ||
| 942 | |c BK | ||
| 999 | |c 195138 |d 195138 | ||
| 952 | |0 0 |1 0 |4 0 |7 0 |9 208487 |a DCI |b DCI |d 2019-10-29 |l 0 |p DCI1532 |r 2019-10-29 |w 2019-10-29 |y BK | ||